000 00595nam a2200193Ia 4500
005 20250326140421.0
008 250326s9999 xx 000 0 und d
020 _a0-470-82057-8
037 _aTextbook
040 _aFMSL
_beng
_cFMSL
041 _aeng
_2eng
084 _aX:513.4 P3
_qFMSL
100 _aBlair M
_9742309
245 0 _a360 Degree Brand in Asia: creating more effective marketing communications
_cBlair M; Armstrong R And Others
260 _aUSA
_bUSA, John Wiley & Sons Ltd.
_c2003
300 _a215p
942 _cTB
_hX:513.4 P3
999 _c1285696
_d1285696